02012naa a2200277 i 45000010005000000030009000050050017000140080039000310400021000700410013000910800011001041000116001152450163002312460128003945000021005225200574005436500038011176550030011556500016011857000115012017110070013167730283013869420013016699990015016829520037016976330KOSZ 00520190606151715.0140602s2003 pl f |100 0 pol cBPKdKOSZ 005/EG apolbeng a621.921 aKACALAK, Wojciech.d1996 - .bPolitechnika Koszalińska - Wydział Mechaniczny,cKatedra Mechaniki Precyzyjnej10aSystem diagnostyki procesów szlifowania z obustronną głosową komunikacją urządzenia technicznego z operatorem /cWojciech Kacalak, Maciej Majewski. aDiagnostic system of grinding process with the two-way voice communication system between the technical device and operator aDane z autopsji. aW artykule opisano system diagnostyki procesów szlifowania. Celem przeprowadzonych prac jest przejście na wyższy poziom inteligentnych systemów monitorowania procesów, zapewniających obustronną komunikację głosową operatora z systemem i systemu technologicznego z operatorem. Prace zmierzające do opracowania inteligentnej warstwy komunikacji bezpośredniej należą do bardzo trudnych, ale prognozy rozwoju techniki oraz pierwsze zastosowania takich prac wskazują na duże ich znaczenie dla sprawności nadzorowania i humanizacji produkcji. 0aOperatorzy maszyn i urządzeń. 0aMateriały konferencyjne. 0aSzlifowanie1 aMAJEWSKI, Maciej.d2005 - .bPolitechnika Koszalińska - Wydział Mechaniczny,cKatedra Mechaniki Precyzyjnej22aWarsztaty Naukowe PTSKn(9 ;d2002 ;cKoszalin - Osieki, Polska).0 iW :tSymulacja w badaniach i rozwoju : zbiór referatów IX Warsztatów Naukowych PTSK, Koszalin-Osieki, 28-31 sierpnia 2002 / pod redakcją Tomasza Krzyżyńskiego i Andrzeja Tylikowskiego. -dKoszalin : Wydaw. Uczelniane Politechniki Koszalińskiej, 2003. -gs. 135-142 cROZ2UKD c6330d6330 00104070aBPKbBPKo70620yROZ